000 00406nam a2200145Ia 4500
008 210210b1997 xxu||||| |||| 00| 0 eng d
020 _a0 00 370566 8
082 _a425 THOC
100 _aTHOMPSON (Geoff).
245 _aCollins cobuild english guides 5: reporting.
260 _aLondon.
_bHarper Collins Publishers Pvt Ltd.,
_c1997
300 _aviii,215
690 _aEnglish Grammar
906 _a053450
999 _c101541
_d101541